Statistics for Every 1000 Yard Receiver Of The 2020's

Click here to take the quiz!

General Stats

  • This quiz has been taken 48 times
  • The average score is 84 of 94

Answer Stats

YardsTeamPlayer% Correct
1496EaglesAJ Brown
100%
1456EaglesAJ Brown
100%
1075TitansAJ Brown
100%
1161LionsAmon-Ra St Brown
100%
1515LionsAmon-Ra St Brown
100%
1563PackersDavante Adams
100%
1516RaidersDavante Adams
100%
1374PackersDavante Adams
100%
1144RaidersDavante Adams
100%
1103JetsGarrett Wilson
100%
1042JetsGarrett Wilson
100%
1400VikingsJustin Jefferson
100%
1074VikingsJustin Jefferson
100%
1809VikingsJustin Jefferson
100%
1616VikingsJustin Jefferson
100%
1008RavensMarquise Brown
100%
1255BuccaneersMike Evans
100%
1124BuccaneersMike Evans
100%
1006BuccaneersMike Evans
100%
1035BuccaneersMike Evans
100%
1225BillsStefon Diggs
100%
1183BillsStefon Diggs
100%
1429BillsStefon Diggs
100%
1535BillsStefon Diggs
100%
1239ChiefsTyreek Hill
100%
1276ChiefsTyreek Hill
100%
1710DolphinsTyreek Hill
100%
1799DolphinsTyreek Hill
100%
1114CowboysAmari Cooper
97%
1160BrownsAmari Cooper
97%
1250BrownsAmari Cooper
97%
140549ersDeebo Samuel
97%
1196EaglesDevonta Smith
97%
1066EaglesDevonta Smith
97%
1046BengalsJa'Marr Chase
97%
1216BengalsJa'Marr Chase
97%
1455BengalsJa'Marr Chase
97%
*1126ChiefsTravis Kelce
97%
*1338ChiefsTravis Kelce
97%
*1416ChiefsTravis Kelce
97%
1359CowboysCeeDee Lamb
95%
1102CowboysCeeDee Lamb
95%
1749CowboysCeeDee Lamb
95%
1947RamsCooper Kupp
95%
1057TitansDeAndre Hopkins
95%
1407CardinalsDeAndre Hopkins
95%
1157PanthersDJ Moore
95%
1193PanthersDJ Moore
95%
1364BearsDJ Moore
95%
1303SeahawksDK Metcalf
95%
1114SeahawksDK Metcalf
95%
1048SeahawksDK Metcalf
95%
1103BuccaneersChris Godwin
92%
1024BuccaneersChris Godwin
92%
1023BuccaneersChris Godwin
92%
1138ChargersKeenan Allen
89%
1243ChargersKeenan Allen
89%
1146ChargersMike Williams
89%
1091BengalsTee Higgins
89%
1029BengalsTee Higgins
89%
1118Football TeamTerry McLaurin
89%
1356DolphinsJaylen Waddle
87%
1015DolphinsJaylen Waddle
87%
1014DolphinsJaylen Waddle
87%
*1361RavensMark Andrews
87%
134249ersBrandon Aiyuk
84%
101549ersBrandon Aiyuk
84%
1161SteelersDionate Johnson
84%
1152ColtsMichael Pittman
84%
1082ColtsMichael Pittman
84%
1191CommandersTerry McLaurin
84%
1002CommandersTerry McLaurin
84%
1053Football TeamTerry McLaurin
84%
1033SeahawksTyler Lockett
84%
1054SeahawksTyler Lockett
84%
1175SeahawksTyler Lockett
84%
1123SaintsChris Olave
82%
1042SaintsChris Olave
82%
1014PanthersAdam Thielen
79%
*102049ersGeorge Kittle
74%
*1026FalconsKyle Pitts
74%
1374FalconsCalvin Ridley
71%
1016JaguarsCalvin Ridley
71%
1250BearsAllen Robinson
68%
*1196RaidersDarren Waller
68%
1140SteelersGeorge Pickens
68%
1108JaguarsChristian Kirk
66%
1297TexansNico Collins
66%
1037TexansBrandin Cooks
63%
1150TexansBrandin Cooks
63%
1055BearsDarnell Mooney
61%
1038RaidersHunter Renfrow
61%
1486RamsPuka Nacua
61%
1096PanthersRobbie Chosen
16%

Score Distribution

Percentile by Number Answered

Percent of People with Each Score

Your Score History

You have not taken this quiz